Problèmes Techniques De Planification \ (Record no. 42999)
[ view plain ]
| 000 -LEADER | |
|---|---|
| fixed length control field | 01160nam a2200337 i 4500 |
| 003 - CONTROL NUMBER IDENTIFIER | |
| control field | EG-GICUC |
| 005 - DATE AND TIME OF LATEST TRANSACTION | |
| control field | 20260121101217.0 |
| 008 - FIXED-LENGTH DATA ELEMENTS--GENERAL INFORMATION | |
| fixed length control field | 251113s1967 fr d|||f |||| 001 0 fre d |
| 040 ## - CATALOGING SOURCE | |
| Original cataloging agency | EG-GiCUC |
| Language of cataloging | fre |
| Transcribing agency | EG-GiCUC |
| Modifying agency | EG-GiCUC |
| Description conventions | Rda |
| 041 0# - LANGUAGE CODE | |
| Language code of text/sound track or separate title | fre |
| 082 04 - DEWEY DECIMAL CLASSIFICATION NUMBER | |
| Edition number | 21 |
| Classification number | 338.9 |
| Item number | BA . P |
| 092 04 - LOCALLY ASSIGNED DEWEY CALL NUMBER (OCLC) | |
| Edition number | 21 |
| 099 ## - LOCAL FREE-TEXT CALL NUMBER (OCLC) | |
| Classification number | Law1 13 338.9 BA . P 1967 |
| 100 1# - MAIN ENTRY--PERSONAL NAME | |
| Personal name | Babeau, André |
| Relator term | Auteur |
| 245 10 - TITLE STATEMENT | |
| Title | Problèmes Techniques De Planification \ |
| Statement of responsibility, etc. | André Babeau, Pierre-henri Derycke, Pierre Bauchet. |
| 264 ## - PRODUCTION, PUBLICATION, DISTRIBUTION, MANUFACTURE, AND COPYRIGHT NOTICE | |
| Place of production, publication, distribution, manufacture | Paris : |
| Name of producer, publisher, distributor, manufacturer | Éditions Sirey, |
| Date of production, publication, distribution, manufacture, or copyright notice | 1967. |
| 300 ## - PHYSICAL DESCRIPTION | |
| Extent | 508 page : |
| Other physical details | illustration ; des tableaux et des graphiques. |
| Dimensions | 24 cm. |
| 336 ## - CONTENT TYPE | |
| Source | rda contenu |
| Content type term | texte |
| 337 ## - MEDIA TYPE | |
| Source | rda medias |
| Media type term | Ordinateur |
| 338 ## - CARRIER TYPE | |
| Source | transporteur rda |
| Carrier type term | Ressource en ligne |
| 490 ## - SERIES STATEMENT | |
| Series statement | L'économique ; |
| Volume/sequential designation | N° 1 |
| 500 ## - GENERAL NOTE | |
| General note | Comprend un index. |
| 546 ## - LANGUAGE NOTE | |
| Language note | Texte en français |
| 650 1# - SUBJECT ADDED ENTRY--TOPICAL TERM | |
| Topical term or geographic name entry element | Finances publiques et législation fiscale |
| Source of heading or term | qrmak |
| 651 1# - SUBJECT ADDED ENTRY--GEOGRAPHIC NAME | |
| Source of heading or term | qrmak |
| 700 1# - ADDED ENTRY--PERSONAL NAME | |
| Personal name | Derycke, Pierre-henri |
| Relator term | Co-Auteur |
| 700 1# - ADDED ENTRY--PERSONAL NAME | |
| Personal name | Bauchet, Pierre |
| Relator term | Préfacier |
| 856 40 - ELECTRONIC LOCATION AND ACCESS | |
| Uniform Resource Identifier | <a href="https://fll.law.cu.edu.eg/fulltext/bks/B13-07532.pdf">https://fll.law.cu.edu.eg/fulltext/bks/B13-07532.pdf</a> |
| 905 ## - Cataloger and Reviser Names | |
| Cataloger Name: | Hassnaa |
| 942 ## - ADDED ENTRY ELEMENTS (KOHA) | |
| Source of classification or shelving scheme | Dewey Decimal Classification |
| Koha item type | Books |
| Edition | 21 |
| Suppress in OPAC | No |
| Withdrawn status | Lost status | Source of classification or shelving scheme | Damaged status | Not for loan | Collection | Home library | Current library | Date acquired | Total checkouts | Full call number | Barcode | Date last seen | Copy number | Price effective from | Koha item type |
|---|---|---|---|---|---|---|---|---|---|---|---|---|---|---|---|
| Dewey Decimal Classification | Not for loan | المالية العامة والتشريع الضريبي | جــــامعة القــاهرة | مكتبة كلية الحقوق - المبنى الرئيسي | 13.11.2025 | Law1 13 338.9 BA . P 1967 1307532 C1 | B13-07532 | 13.11.2025 | 1 | 13.11.2025 | Books | ||||
| Dewey Decimal Classification | المالية العامة والتشريع الضريبي | جــــامعة القــاهرة | مكتبة كلية الحقوق - المبنى الرئيسي | 13.11.2025 | Law1 13 338.9 BA . P 1967 1307533 C2 | B13-07533 | 13.11.2025 | C2 | 13.11.2025 | Books | |||||
| Dewey Decimal Classification | المالية العامة والتشريع الضريبي | جــــامعة القــاهرة | مكتبة كلية الحقوق - فـرع الشيخ زايد | 13.11.2025 | Law2 13 338.9 BA . P 1967 1307534 C3 | B13-07534 | 13.11.2025 | 3 | 13.11.2025 | Books |